| 000 | 00943cam a2200241 a 4500 | ||
|---|---|---|---|
| 001 | 000002549 | ||
| 005 | 20200929150218.0 | ||
| 008 | 710817s1967 wau 001 0 spa | ||
| 040 |
_aDO-SdBNP _cDNLM _dTxArU _dDLC |
||
| 082 |
_a570 _bF941 |
||
| 100 | 1 |
_aFrota-Pessoa, Oswaldo _98014 |
|
| 245 | 1 | 0 |
_aPrincipios básicos para la enseñanza de la biología / _cOswaldo Frota-Pessoa; prólogo de José Luis Reissig; introducción de Jesse D. Perkinson. |
| 260 |
_aWashington : _bDepartamento de Asuntos Científicos, Unión Panamericana, _c1967. |
||
| 300 |
_aix, 128 p. : _bil. |
||
| 490 | 1 | _aSerie de biología | |
| 490 | 1 |
_aMonografía _vno. 4 |
|
| 650 | 4 |
_aBiología _xEnseñanza _9244 |
|
| 700 | 1 |
_aReissig, José Luis _eprol. _98015 |
|
| 700 | 1 |
_aPerkinson, Jesse D., _eintr. _98016 |
|
| 710 | 2 |
_aOrganización de Estados Americanos _98017 |
|
| 830 | 0 |
_aSerie de biología, _pMonografía; _vno. 4 _98018 |
|
| 910 | _aCatalogación por copia / LC | ||
| 999 |
_c2385 _d2385 |
||